| 000 | 00667nam a22002297a 4500 | ||
|---|---|---|---|
| 999 |
_c443 _d443 |
||
| 003 | AR-CdUCM | ||
| 008 | 190223b ||||| |||| 00| 0 spa d | ||
| 040 |
_aMUNICIPALIDAD PROVINCIAL DEL CUSCO _cBIBLIOTECA MUNICIPAL DEL CUSCO |
||
| 041 | _heng | ||
| 082 |
_a891.4 / _bN11 |
||
| 100 |
_aNabokov, Vladimir _91746 |
||
| 245 | _aLolita / | ||
| 260 |
_aBuenos Aires : _bSur, _c1959. |
||
| 300 |
_a316 páginas ; _c20 cm. |
||
| 650 |
_aLiteratura erótica _91747 |
||
| 650 |
_aNovelas siglo XX _9797 |
||
| 650 |
_aTraducciones al español _91053 |
||
| 650 |
_aMoral-amor _91748 |
||
| 700 |
_aTejedor, Enrique (traductor) _91749 |
||
| 942 |
_2ddc _cLIBROS |
||
| 945 | _azta | ||